| 000 | 01250nam a2200205Ia 4500 | ||
|---|---|---|---|
| 003 | Ost | ||
| 005 | 20260507075713.0 | ||
| 008 | 260507s9999||||xx |||||||||||||| ||und|| | ||
| 040 | _cfsecg | ||
| 041 | _aara | ||
| 082 | _a310 | ||
| 100 |
_aتيلولت،سامية _eمؤلف |
||
| 245 | 0 |
_aتوزيعات المعاينة : _bالتقدير إختبار الفروض: إحصاء3 / _cسامية تيلولت |
|
| 260 |
_aالجزائر: _b[دون ناشر], _c2021 |
||
| 300 |
_bإيضاحات ؛ _c24 سم |
||
| 504 | _a[: تعريف أنواع العينة | ||
| 520 | _aملخصات حول التوزيعات الاحتمالية الهامة، توزيعات المعاينة : تعريف أنواع العينة، نظرية العينات ، نظرية توزيع المعاينة، أنواع توزيعات المعاينة ، الخطأالمعياريلبعض توزيعات المعاينة ،التطبيقات حول توزيعات المعاينة، سلاسل تمارينات الاعمال الموجهة مع الحلولكما تم التطرق الى نظرية التقدير الاحصائية و نظرية القرارات الاحصائية و اختيار الفروض. | ||
| 653 | _aالاحصاء | ||
| 942 | _cكتاب | ||
| 999 |
_c45900 _d45900 |
||